|
|
|
|
| LEADER |
02763nam a2200661 a 4500 |
| 001 |
nkc20051634053 |
| 003 |
CZ PrNK |
| 005 |
20060524090834.0 |
| 007 |
ta |
| 008 |
051207s2005 xr f 000 0 cze |
| 015 |
|
|
|a cnb001634053
|
| 020 |
|
|
|a 80-86734-74-9
|q (brož.) :
|c neprodejné
|
| 035 |
|
|
|a (OCoLC)85525141
|
| 040 |
|
|
|a BOA001
|b cze
|d ABA001
|
| 041 |
1 |
|
|a cze
|h eng
|
| 072 |
|
7 |
|a 616
|x Patologie. Klinická medicína
|2 Konspekt
|9 14
|
| 080 |
|
|
|a 613.83
|2 MRF
|
| 080 |
|
|
|a 616.98:578.828]-084
|2 MRF
|
| 080 |
|
|
|a 616-084
|2 MRF
|
| 080 |
|
|
|a 614.48
|2 MRF
|
| 080 |
|
|
|a 615.473.2
|2 MRF
|
| 080 |
|
|
|a 615.473.3/.4
|2 MRF
|
| 080 |
|
|
|a (048.8)
|2 MRF
|
| 245 |
0 |
0 |
|a Účinnost programů výměny sterilních jehel a stříkaček při snižování rizika nákazy HIV/AIDS mezi injekčními uživateli drog :
|b odborné podklady pro činnost /
|c [editor českého vydání Viktor Mravčík]
|
| 246 |
1 |
8 |
|a Účinnost programů výměny sterilních jehel a stříkaček--
|
| 250 |
|
|
|a 1. vyd. v jazyce českém
|
| 260 |
|
|
|a Praha :
|b Úřad vlády České republiky,
|c [2005]
|
| 300 |
|
|
|a 83 s. ;
|c 23 cm
|
| 490 |
1 |
|
|a Monografie ;
|v no. 7
|
| 500 |
|
|
|a Přeloženo z angličtiny
|
| 500 |
|
|
|a Pod názvem: Světová zdravotnická organizace, Národní monitorovací středisko pro drogy a drogové závislosti
|
| 500 |
|
|
|a Terminologický slovník
|
| 504 |
|
|
|a Obsahuje bibliografii
|
| 650 |
0 |
7 |
|a užívání drog
|7 ph114929
|2 czenas
|
| 650 |
0 |
7 |
|a boj proti AIDS
|7 ph137769
|2 czenas
|
| 650 |
0 |
7 |
|a prevence onemocnění
|7 ph137258
|2 czenas
|
| 650 |
0 |
7 |
|a sterilizace (hygiena)
|7 ph126104
|2 czenas
|
| 650 |
0 |
7 |
|a injekční jehly
|7 ph335380
|2 czenas
|
| 650 |
0 |
7 |
|a injekční stříkačky
|7 ph335381
|2 czenas
|
| 650 |
0 |
9 |
|a drug abuse
|2 eczenas
|
| 650 |
0 |
9 |
|a AIDS control
|2 eczenas
|
| 650 |
0 |
9 |
|a prevention of diseases
|2 eczenas
|
| 650 |
0 |
9 |
|a sterilization
|2 eczenas
|
| 650 |
0 |
9 |
|a injection needles
|2 eczenas
|
| 650 |
0 |
9 |
|a injection syringes
|2 eczenas
|
| 655 |
|
7 |
|a monografie
|7 fd132842
|2 czenas
|
| 655 |
|
9 |
|a monographs
|2 eczenas
|
| 700 |
1 |
|
|a Mravčík, Viktor
|7 xx0018423
|4 edt
|
| 710 |
2 |
|
|a Světová zdravotnická organizace
|7 kn20010711442
|
| 710 |
1 |
|
|a Česko.
|b Národní monitorovací středisko pro drogy a závislosti
|7 xx0009671
|
| 765 |
0 |
|
|t Effectiveness of sterile needle and syringe programming in reducing HIV/AIDS among injecting drug users
|9 Česky
|
| 830 |
|
0 |
|a Monografie (Úřad vlády České republiky)
|0 s
|
| 910 |
2 |
|
|a BOA001
|b 2-1163.706
|
| 990 |
|
|
|a BK
|
| 995 |
|
|
|a 01
|
| 991 |
|
|
|b 200602
|c NOV
|
| 996 |
6 |
|
|b 2610271022
|c 2-1163.706
|l MZK
|r Sklad / do 1 hodiny
|n 2
|p p.v.
|w 000807587
|u 000010
|a 1
|e BOA001
|j MZK50
|s P
|
| 996 |
7 |
|
|b 2610276801
|c 2-1163.706
|l MZK
|r Sklad / do 1 hodiny
|n 15
|p p.v.
|w 000807587
|u 000020
|a 1
|e BOA001
|j MZK50
|s A
|